[Event "Oberliga NRW 9899 I"]
[Site "Germany"]
[Date "1999.05.06"]
[Round "9.7"]
[White "Sachs, Hans Martin"]
[Black "May, Dirk"]
[Result "1/2-1/2"]
[WhiteElo "1975"]
[BlackElo "1895"]
[PlyCount "80"]
[EventDate "1998.10.10"]
[EventType "team-tourn"]
[EventRounds "9"]
[EventCountry "GER"]
[SourceTitle "EXT 2000"]
[Source "ChessBase"]
[SourceDate "1999.11.16"]
[SourceVersion "1"]
[SourceVersionDate "1999.11.16"]
[SourceQuality "1"]
[WhiteTeam "Ruhrtal Wetter"]
[BlackTeam "Duisburg II"]
[WhiteTeamCountry "GER"]
[BlackTeamCountry "GER"]

1. c4 e6 2. Nf3 d5 3. b3 Nf6 4. g3 Be7 5. Bg2 0-0 6. 0-0 c5 7. cxd5 exd5 8. d4 b6 9. Bb2 Nc6 10. Nc3 Be6 11. Rc1 Rc8 12. dxc5 bxc5 13. Ng5 h6 14. Nxe6 fxe6 15. Na4 Nb8 16. Qd3 Qd7 17. Qe3 d4 18. Qd3 Nd5 19. Bh3 Rf6 20. Qe4 Qc6 21. Bxd4 Nf4 22. Qxc6 Nxh3+ 23. Kg2 Nf4+ 24. Kh1 Nxc6 25. Bxf6 Nxe2 26. Rce1 Nxg3+ 27. hxg3 Bxf6 28. Nxc5 Nb4 29. Ne4 Bd4 30. a3 Nc2 31. Rd1 e5 32. a4 Rb8 33. Rd2 Nb4 34. Rc1 Nd5 35. Rd3 Nb4 36. Rf3 Nd5 37. Nd6 Rd8 38. Ne4 Rb8 39. Kg2 Rd8 40. Rc6 Rb8 1/2-1/2

[Event "Oberliga NRW 9899 I"]
[Site "Germany"]
[Date "1999.03.16"]
[Round "7.6"]
[White "Reiter, Hans Ernst"]
[Black "Sachs, Hans Martin"]
[Result "1-0"]
[WhiteElo "2108"]
[BlackElo "1975"]
[PlyCount "81"]
[EventDate "1998.10.10"]
[EventType "team-tourn"]
[EventRounds "9"]
[EventCountry "GER"]
[SourceTitle "EXT 2000"]
[Source "ChessBase"]
[SourceDate "1999.11.16"]
[SourceVersion "1"]
[SourceVersionDate "1999.11.16"]
[SourceQuality "1"]
[WhiteTeam "Essen Borbeck"]
[BlackTeam "Ruhrtal Wetter"]
[WhiteTeamCountry "GER"]
[BlackTeamCountry "GER"]

1. e4 c6 2. d4 d5 3. Nd2 dxe4 4. Nxe4 Nd7 5. Bc4 Ngf6 6. Ng3 e6 7. Nf3 Be7 8. c3 Nb6 9. Bb3 a5 10. 0-0 c5 11. Bg5 cxd4 12. Nxd4 0-0 13. Qf3 a4 14. Bc2 Qd5 15. Ne4 Qd8 16. Rad1 Nfd5 17. Bxe7 Qxe7 18. Rfe1 g6 19. b4 f5 20. Nc5 e5 21. Nb5 e4 22. Qe2 Be6 23. Nxe6 Qxe6 24. c4 Nf4 25. Qd2 Qxc4 26. Nd6 Qxa2 27. Qxf4 Qxc2 28. Qe5 Qc7 29. Qe6+ Kh8 30. Rc1 Qd7 31. Qe5+ Qg7 32. Qb5 Ra6 33. Ne8 Qd4 34. Red1 Qb2 35. Nc7 Rc8 36. Rb1 Qxb1 37. Rxb1 Rxc7 38. Qe5+ Rg7 39. Qb8+ Rg8 40. Qxb7 Rga8 41. b5 1-0

[Event "Oberliga NRW 9899 I"]
[Site "Germany"]
[Date "1998.??.??"]
[Round "4.7"]
[White "Baeumer, Lars"]
[Black "Sachs, Hans Martin"]
[Result "1/2-1/2"]
[WhiteElo "2106"]
[BlackElo "1975"]
[PlyCount "98"]
[EventDate "1998.10.10"]
[EventType "team-tourn"]
[EventRounds "9"]
[EventCountry "GER"]
[SourceTitle "EXT 2000"]
[Source "ChessBase"]
[SourceDate "1999.11.16"]
[SourceVersion "1"]
[SourceVersionDate "1999.11.16"]
[SourceQuality "1"]
[WhiteTeam "Enger Spenge"]
[BlackTeam "Ruhrtal Wetter"]
[WhiteTeamCountry "GER"]
[BlackTeamCountry "GER"]

1. e4 c6 2. d4 d5 3. exd5 cxd5 4. c4 Nf6 5. Nc3 e6 6. Nf3 Be7 7. cxd5 Nxd5 8. Bd3 Nc6 9. 0-0 Ncb4 10. Bb1 Nf6 11. Re1 0-0 12. a3 Nbd5 13. Qd3 g6 14. Ne5 Bd7 15. Ba2 Bc6 16. Bh6 Re8 17. Rad1 Rc8 18. Qh3 Qd6 19. Rd2 Bf8 20. Rde2 Bxh6 21. Qxh6 Qf8 22. Qh4 Kg7 23. f3 Qe7 24. Ne4 h6 25. Nc5 Nh5 26. Qxe7 Rxe7 27. Nxc6 bxc6 28. Bxd5 cxd5 29. g3 Kf8 30. Kf2 Ng7 31. Ke3 Nf5+ 32. Kd3 Rec7 33. b4 a5 34. g4 Nd6 35. bxa5 Nc4 36. a6 Nxa3 37. Ra2 Nc4 38. f4 Ke7 39. Rb1 Ra8 40. Rb4 Nd6 41. Rab2 Nc4 42. Re2 Nd6 43. Reb2 Nc4 44. Re2 Nd6 45. Reb2 g5 46. fxg5 hxg5 47. Rb8 Rc8 48. Rxa8 Rxa8 49. Rb6 f5 1/2-1/2